Cá tính sáng tạo của nhà văn và sự phát triển văn học M.B.K. Hrapchenkô; Lê Sơn, Nguyễn Minh dịch
Guardado en:
| Autor principal: | |
|---|---|
| Formato: | Libro |
| Lenguaje: | Vietnamese |
| Publicado: |
H.
Nxb. Tác phẩm mới
1978
|
| Materias: | |
| Etiquetas: |
Agregar Etiqueta
Sin Etiquetas, Sea el primero en etiquetar este registro!
|
| Thư viện lưu trữ: | Mạng thư viện Đại học Đà Nẵng |
|---|
| LEADER | 00826nam a2200277 4500 | ||
|---|---|---|---|
| 001 | 000003894 | ||
| 003 | 15 | ||
| 005 | 20121211001213.0 | ||
| 008 | 110428s1978 viesd | ||
| 041 | 0 | |a vie | |
| 082 | |a 807 |b CAT | ||
| 100 | 1 | |a Hrapchenkô, M.B.K. | |
| 245 | 0 | |a Cá tính sáng tạo của nhà văn và sự phát triển văn học |b M.B.K. Hrapchenkô; Lê Sơn, Nguyễn Minh dịch |c Hrapchenkô, M.B.K. | |
| 260 | |a H. |b Nxb. Tác phẩm mới |c 1978 | ||
| 300 | |a 593tr |c 19cm | ||
| 653 | |a Văn học | ||
| 653 | |a Nghiên cứu văn học | ||
| 910 | |a Nguyễn Trường Khánh |d 28/04/2011 | ||
| OWN | |a LSP | ||
| 999 | |a From the UDN01 | ||
| TYP | |a Monograph | ||
| TYP | |a Printed language | ||
| 980 | |a Mạng thư viện Đại học Đà Nẵng | ||